| 000 | 00578nam a22001577a 4500 | ||
|---|---|---|---|
| 003 | OSt | ||
| 005 | 20151002180143.0 | ||
| 008 | 151002b xxu||||| |||| 00| 0 eng d | ||
| 040 | _cRUA | ||
| 082 | _aAVM YIM 1995 B068 Or.1 | ||
| 100 |
_91827 _aYIM, DEITH. |
||
| 245 | _aTest tuberculine on cattle in ponnhealeu district kandal province, តេស្ដរបេងលើសត្វពាហនៈ(គោ)ក្នុងស្រុកពញ្ញាលឺ ខេត្តកណ្ដាល | ||
| 260 |
_aPhnom Penh _bRUA _c1995 |
||
| 300 |
_a41p. _bill. _c29cm. |
||
| 942 |
_2ddc _cAVM |
||
| 999 |
_c1724 _d1724 |
||